Estadísticas para Europa por Fronteras en 30 Segundos

Haz click aquí para tomar la prueba!

Estadísticas generales

  • Esta prueba ha sido tomada 20.291 veces
  • La puntuación promedio es 36 de 45

Respuestas en el mapa

Las respuestas están codificadas por una escala verde-roja en el mapa de la prueba según el % correcto abajo.
Cargando...
 

Estadísticas de respuestas

País% Correcto
Francia
99%
España
98%
Suiza
97%
Andorra
96%
Italia
96%
Alemania
95%
Austria
94%
Polonia
92%
Reino Unido
90%
Rusia
90%
Bélgica
89%
Ucrania
89%
Noruega
89%
Finlandia
89%
Bielorrusia
88%
Portugal
87%
Luxemburgo
86%
Letonia
85%
Lituania
84%
Eslovenia
84%
Hungría
83%
República Checa
82%
Serbia
80%
Suecia
80%
Bulgaria
80%
Rumania
79%
Macedonia del Norte
79%
Estonia
77%
Países Bajos
76%
Albania
74%
Grecia
74%
Irlanda
74%
Montenegro
73%
Eslovaquia
73%
Croacia
73%
San Marino
72%
Dinamarca
72%
Vaticano
71%
Bosnia y Herzegovina
68%
Moldavia
63%
Kosovo
63%
Islandia
59%
Mónaco
57%
Liechtenstein
49%
Malta
33%

Distribución de puntuación

Porcentaje por número respondido

Porcentaje de gente con cada puntuación

Historial de tus puntuaciones

No has tomado esta prueba